LEADER 01994nam a2200361 i 4500 001 000000226222 003 CaOOAMICUS 005 20221014145825.0 008 140115s1688 gw u000 u lat u 026 $as,i- rsh. **** efba (3) 1688 (R) 040 $aSeMil$bita 041 $alat$agrc 100 1 $aClemens : Alexandrinus,$d.$0(OLS)http://semarc/name/995 245 10$aKlementos Alexandreos ta euriskomena Clementis Alexandrini Opera graece et latine quae extant. Post accuratam D. V. Danielis Heinsii recensionem ... Accedunt diuersae lectiones & emendationes ... a Friderico Syliburgio collectae .. 250 $aEditio nova, juxta Parisinam Anni 1641. 260 $aColoniae :$bApud Jeremiam Schrey, & Heinricum Joh. Meyerum,$c1688. 300 $a[28], 856, [80], 79, [1] p. ;$cfol. 500 $aFondo Bidoglio 500 $aSegn.: a6 b-c4 A-4B6 4C4 a-f6 g4 a-f6 g4 500 $aMarca n.c. (Minerva ed Ercole: Utilitas iunxit labor ac industria) 500 $aFront. stampato in rosso e nero 500 $aTesto su due colonne 500 $aIniz., fregi xilogr. 650 4$aClemente : Alessandrino - Opere.$0(OLS)http://semarc/subject/12758 700 1 $aHeinsius, Daniel,$d<1580?-1655>.$0(OLS)http://semarc/name/12099 700 1 $aSchrey, Jeremias & Meyer, Heinrich Johann,$c.$0(OLS)http://semarc/name/13843 850 $aSeMil 852 $aSeMil$W1$xVenegono$y1$m2T VI 11 FA$j176568$B176568$CSeMilBibl$Z2$F187276 $8I 941 1 $a2 961 $aLascito: Bidoglio don Maurizio 996 $6245$aKlementos Alexandreos ta euriskomena Clementis Alexandrini Opera graece et latine quae extant. Post accuratam D. V. Danielis Heinsii recensionem ... Accedunt diuersae lectiones & emendationes ... a Friderico Syliburgio collectae ..$9(OLS)http://semarc/title/323899 996 $6260$aColoniae :$bApud Jeremiam Schrey, & Heinricum Joh. Meyerum$9(OLS)http://semarc/publisher/53467 LEADER 01440nam a2200265 i 4500 001 000000340069 003 CaOOAMICUS 005 20200402144255.0 008 200402s2012 it a u001 u ita u 013 $a225302 020 $a978-88-01-05314-2 040 $aSeMil$bita 100 1 $aTaroni, Massimiliano,$c.$0(OLS)http://semarc/name/82064 245 10$aCardinale Carlo Lavigerie :$bfondatore dei Missionari d'Africa (Padri Bianchi) e delle Suore Miss. di N.S. d'Africa (Suore Bianche), Apostolo dell'antischiavismo /$cMassimiliano Taroni. 260 $aGorle :$bVelar,$ccopyr. 2012. 300 $a47 p. :$bill. ;$c21 cm. 490 0 $aCollana blu "Messaggeri d'amore" protagonisti della fede ;$v305 650 4$aLavigerie, Charles-Martial Allemand .$0(OLS)http://semarc/subject/12170 830 0$aCollana blu : messaggeri d'amore, protagonisti della fede ;$v305.$0(OLS)http://semarc/title/38058 850 $aSeMil 852 $aSeMil$W1$xVenegono$y1$m5B III 53/3$j220665$B231214$CSeMilBibl$Z2$F231214 $81 996 $6020$a978-88-01-05314-2$9(OLS)http://semarc/number/290270 996 $6245$aCardinale Carlo Lavigerie :$bfondatore dei Missionari d'Africa (Padri Bianchi) e delle Suore Miss. di N.S. d'Africa (Suore Bianche), Apostolo dell'antischiavismo$9(OLS)http://semarc/title/428982 996 $6260$aGorle :$bVelar$9(OLS)http://semarc/publisher/33489